000 00319nam a22001457a 4500
008 210301b ||||| |||| 00| 0 eng d
020 _a9780838562109
041 _aeng
080 _22nd
_a579
082 _a579
100 _a11
101 _aMIK
245 _aMedical Microbiology
_cSherris, J. C
942 _2udc
_cBK
999 _c55341
_d55341